| 000 | 00657nam a2200205Ia 4500 | ||
|---|---|---|---|
| 003 | GCL | ||
| 008 | 140319s9999 xx 000 0 ara d | ||
| 040 |
_aGCL / _cGCL |
||
| 082 | 0 | 4 |
_a312.9 _bا ب |
| 100 | 1 | _aغيفليون، رودلف | |
| 245 | 1 | 0 |
_aالبحث الاجتماعى المعاصر: مناهج وتطبيقات / _cغيفليون، رودلف |
| 700 | 1 | _aماتالون , بنيامين | |
| 700 | 1 | _aعلى سالم (مترجم) | |
| 260 |
_a[S.N] : _bمركز الانماء القومى ، _c1986 |
||
| 300 | _a157 ص | ||
| 490 | _a | ||
| 650 | 0 | 4 | _aطرق البحث |
| 650 | 0 | 4 | _aالبحث الاجتماعى |
| 942 |
_2ddc _cBK |
||
| 999 |
_c32623 _d32623 |
||